MLB 2025 Home Run Leaders - Statistics

General Stats
  • This quiz has been taken 106 times
  • The average score is 25 of 31
Answer Stats
# of HRs Team Answer % Correct
60 Mariners Cal Raleigh
100%
53 Yankees Aaron Judge
99%
56 Phillies Kyle Schwarber
99%
55 Dodgers Shohei Ohtani
99%
49 Dbacks/Mariners Eugenio Suarez
97%
43 Mets Juan Soto
97%
38 Mets Pete Alonso
95%
36 Athletics Nick Kurtz
93%
35 Red Sox/Giants Rafael Devers
92%
36 Tigers Riley Greene
91%
45 Rays Junior Caminero
89%
35 Twins Byron Buxton
86%
32 Mariners Julio Rodriguez
85%
32 Blue Jays George Springer
81%
31 Mets Francisco Lindor
80%
30 Guardians Jose Ramirez
78%
30 Royals Salvador Perez
78%
31 Nationals James Wood
76%
30 Athletics Brent Rooker
74%
31 Diamondbacks Corbin Carroll
74%
31 Yankees Jazz Chisholm
73%
37 Angels Jo Adell
72%
30 Giants Willy Adames
66%
32 Cubs Seiya Suzuki
65%
34 Yankees Trent Grisham
65%
34 Cubs Michael Busch
64%
31 Tigers Spencer Torkelson
64%
32 Royals Vinnie Pasquantino
61%
31 Rockies Hunter Goodman
59%
31 Rays Brandon Lowe
55%
31 Athletics Shea Langeliers
51%
No matching quizzes found
Score Distribution
Percent of People with Each Score
Percentile by Number Answered
Your Score History
You have not taken this quiz